| 000 | 00761nam a22002177a 4500 | ||
|---|---|---|---|
| 999 |
_c170010 _d170010 |
||
| 005 | 20191210113739.0 | ||
| 010 | _aENG-127044 | ||
| 020 |
_c749.00 _a9789389552430 |
||
| 035 | _aEN-110576 | ||
| 037 | _bDBAD/PUB | ||
| 082 |
_a658.834 _213th |
||
| 100 | _aSolomon, Michael R. | ||
| 245 |
_aConsumer behaviour : _cby Michael R. Solomon [and] Tapan Kumar Panda _bbuying, having and being / |
||
| 260 |
_aNoida _bPearson India Education _c2020 |
||
| 270 |
_a15th Floor, Tower-B, World Trade Tower, Plot No.1, Block-C, Sector 16 _bNoida, Uttar Pradesh _e201301 _k044-66540100 |
||
| 300 |
_axix;716p. _c25cm(pbk) |
||
| 500 | _aIncludes index | ||
| 700 | _aSoloman, Michael R. | ||
| 700 | _aPanda, Tapan Kumar | ||
| 942 |
_2ddc _cEN _h658.834 _mSOL |
||